Principles of foundation engineering : (Adapted International Student Edition)

Uloženo v:
Podrobná bibliografie
Hlavní autor: Das, Braja M.
Médium: Kniha
Jazyk:Undetermined
Vydáno: Toronto, Ont., Canada Thomson 2006
Témata:
Tagy: Přidat tag
Žádné tagy, Buďte první, kdo otaguje tento záznam!
Thư viện lưu trữ: Trung tâm Học liệu Trường Đại học Cần Thơ
LEADER 00555nam a2200193Ia 4500
001 CTU_131708
008 210402s9999 xx 000 0 und d
020 |c 2005000 
082 |a 624.15 
082 |b D229 
100 |a Das, Braja M. 
245 0 |a Principles of foundation engineering : (Adapted International Student Edition) 
245 0 |c Braja M. Das 
260 |a Toronto, Ont., Canada 
260 |b Thomson 
260 |c 2006 
650 |a Foundations.,Nền móng 
904 |i Minh 
980 |a Trung tâm Học liệu Trường Đại học Cần Thơ